000 00452ntaaa2200181 4500
003 01
005 20251027201519.0
008 0714s1973 ag 01
040 _aAR-BaBN
_bspa
_cAR-BaBN
_eaacr
_dRIC
082 _a036.0000 B76
100 _aBridgwater, William
_913688
245 _aPequeña enciclopedia Columbia
250 _a1 ed.
260 _aBuenos Aires :
_bSudamericana,
_c1964
300 _a1231 p
650 _aEnciclopedia
_94912
942 _cBK
999 _c9705
_d9705